| 000 | 00601nam a2200205Ii 4500 | ||
|---|---|---|---|
| 003 | JO-AjNU | ||
| 008 | 230606s9999||||xx |||||||||||||| ||und|| | ||
| 020 | _a978-1-29202-396-0 | ||
| 040 |
_aJO-AjNU _beng _erda _cJO-AjNU |
||
| 041 | _aeng | ||
| 050 | 1 | 4 | _aQA330.2.B466.2014 |
| 100 | 3 |
_aSurgent,Ellenbogen, _eauthor _94323 |
|
| 245 | 0 | 0 | _aCalculus and its Applications Bittinger Ellenbogen Surgent |
| 264 | 3 | 1 | _aNew york:pearson,2015 |
| 300 | _a797p | ||
| 336 |
_atext _btxt _2rdacontent |
||
| 337 |
_aunmediated _bn _2rdamedia |
||
| 338 |
_avolume _bnc _2rdacarrier |
||
| 650 | 4 |
_a Calculus _94324 |
|
| 999 |
_aE2247 _c2245 _d2245 |
||